| 000 | 00371nam a2200145Ia 4500 | ||
|---|---|---|---|
| 008 | 241014s9999||||xx |||||||||||||| ||und|| | ||
| 020 | _a8183420311 | ||
| 060 | _aAE 5 P 2006 | ||
| 100 | _aPatel, Amitabh | ||
| 245 | 0 | _aEncyclopedic Dictionary Of Marketing | |
| 250 | _a2006 | ||
| 260 |
_aNew Delhi _bCresent Publishing Corp. |
||
| 650 | _aReference | ||
| 942 |
_bIBHM _cBK |
||
| 999 |
_c16843 _d16843 |
||